000
00222 a2200097 4500
001
48320
100
_a
Beaumont, R.A
245
_a
Aeronautical engineering
260
_a
London
_b
Odhams press ltd
_c
090
_c
31270
_d
31270
942
_a
NUST-CAE
_c
M
_c
23637
999
_c
283393
_d
283393